000
00211 a2200097 4500
001
42330
100
_a
Zahid Hussain Anjum
245
_a
Iran
260
_a
_b
Sange-e-Meel Publications
_c
090
_c
26271
_d
26271
942
_a
NUST-CAE
_c
M
_c
18082
999
_c
277403
_d
277403